000 00853nam a22002177a 4500
008 091104t xxu||||| |||| 00| 0 eng d
010 _aB-360037
020 _a9788184880946
_c340-00
035 _aB-360037
037 _aUBH
_bRP/CL/E;20/21-10-09/24-10-09/30-10-09
040 _adpl
_beng
082 _a332.042
100 _aAvadhani,V.A
245 _aInternational Finance
_cby V.A.Avdhani
260 _aDelhi
_bHimalaya Publication
_c2009
270 _a4-B Murari Lal street Ansari Road Darya Ganj
_bDelhi
_e110002
_k23270392
300 _a501pg
_c24cm
942 _2ddc
_cEN
_h332.042
_mAVA
999 _c31310
_d31310